Κατάλογος Βιβλιοθηκών Mediterranean College

Ιστορία του Ελληνικού Κινηματογράφου. (Record no. 2193)

MARC details
000 -LEADER
fixed length control field 00985cam a22002054a 4500
005 - ΗΜΕΡΟΜΗΝΙΑ ΚΑΙ ΩΡΑ ΤΕΛΕΥΤΑΙΑΣ ΕΝΗΜΕΡΩΣΗΣ
Πεδίο ελέγχου 20250605164033.0
008 - FIXED-LENGTH DATA ELEMENTS--GENERAL INFORMATION
Πεδίο ελέγχου σταθερού μήκους 250528s ||||||||||||||||||||||||d
035 ## - SYSTEM CONTROL NUMBER
System control number 16720
020 ## - ISBN
ISBN 9603220051
040 ## - ΠΗΓΗ ΚΑΤΑΛΟΓΟΓΡΑΦΗΣΗΣ
Φορέας πρωτότυπης καταλογογράφησης MC Athens Campus Library
Γλώσσα καταλογογράφησης Ελληνικά, Μοντέρνα (1453-)
Modifying agency MC Athens Campus Library
Κανόνες περιγραφικής καταλογογράφησης AACR2
245 1# - ΤΙΤΛΟΣ ΚΑΙ ΔΗΛΩΣΗ ΥΠΕΥΘΥΝΟΤΗΤΑΣ
Τίτλος Ιστορία του Ελληνικού Κινηματογράφου.
Number of part/section of a work Α' Τόμος
260 ## - PUBLICATION, DISTRIBUTION, ETC.
Name of publisher, distributor, etc. Αιγόκερως,
Date of publication, distribution, etc. 1988
300 ## - PHYSICAL DESCRIPTION
Extent 240
505 0# - FORMATTED CONTENTS NOTE
Formatted contents note Τα Πρώτα Χρόνια, Οι Δεκαετίες του '20 και του '30, Η Περίοδος της Κατοχής, Τα Πρώτα Μεταπολεμικά Χρόνια, Η Δεκαετία του '50.
520 ## - SUMMARY, ETC.
Summary, etc. Τα Πρώτα Χρόνια, Οι Δεκαετίες του '20 και του '30, Η Περίοδος της Κατοχής, Τα Πρώτα Μεταπολεμικά Χρόνια, Η Δεκαετία του '50.
700 1# - ΠΡΟΣΘΕΤΗ ΑΝΑΓΡΑΦΗ--ΦΥΣΙΚΟ ΠΡΟΣΩΠΟ
Personal name Σολδατός Γιάννης
9 (RLIN) 2716
942 ## - ADDED ENTRY ELEMENTS (KOHA)
Koha item type Books
Holdings
Τύπος τεκμηρίου Βιβλιοθήκη Τρέχουσα τοποθεσία Barcode Αριθμός εισαγωγής Ημερομηνία απόκτησης Ταξιθετικό σύμβολο Αριθμός αντιτύπου Κατάσταση απόσυρσης Κατάσταση χαμένου Κατάσταση κατεστραμμένου Μη δανεισμός Σύνολο δανεισμών Ημερομηνία τελευταίας εμφάνισης Η τιμή ισχύει από
Books MC Athens Campus Library MC Athens Campus Library 9780000021922 4938 05/06/2025 791.409 495 SOL V.A 1           05/06/2025 05/06/2025

MC Athens Campus Library
Πατησίων 94 & Κοδριγκτώνος 13, 104 34
Πελλήνης 8 & Πατησίων 107, 112 51
Τ: +30 210 8899600

MC Thessaloniki Campus Library
Ίωνος Δραγούμη 21, 54625 | Ίωνος Δραγούμη 15, 54625
Τ: +30 2310 287779 – Τ: +30 2314 440300